El gran libro del punto de cruz (Registro nro. 11400)

Detalles MARC
000 -LIDER
fixed length control field 00750nam a22002657a 4500
001 - NÚMERO DE CONTROL
Identificador de número de control 0011406
003 - IDENTIFICACDOR DE NÚMERO DE CONTROL
control field DO-SdBNP
005 - DATE AND TIME OF LATEST TRANSACTION
control field 20171110132526.0
007 - CAMPOS FIJOS DE DESCRIPCIÓN FÍSICA
fixed length control field 0011406
008 - ELEMENTOS DE LONGITUD FIJA
fixed length control field 160915b 2007 pe||||| |||| 00| 0 spa d
020 ## - ISBN
International Standard Book Number 9972209326
040 ## - FUENTE DE CATALOGACIÓN
Agencia que crea de manera original el registro BPMSU
Idioma de catalogación spa
Agencia que realiza la transcripción BPMSU
082 #4 - NÚMERO DE CLASIFICACIÓN DECIMAL DE DEWEY
Classification number 746.44
Item number G748L
092 ## - LOCALLY ASSIGNED DEWEY DECIMAL CALL NUMBER
Número de clasificación
Número de ítem (Cutter)
245 03 - MENCIÓN DE TITULO
Título El gran libro del punto de cruz
260 ## - PUBLICACIÓN, DISTRIBUCIÓN, ETC. (PIE DE IMPRENTA)
Lugar de publicación, distribución, etc Lima, Perú :
Nombre del editor, distribuidor, etc. Lexus,
Fecha de publicación, distribución, etc 2007.
300 ## - DESCRIPCIÓN FÍSICA
Extensión 360 p. :
Otros detalles físicos il.,
Dimensiones 27 cm.
501 ## - NOTA DE PUBLICADO O ENCUADERNADO
With note La más completa recopilación de diseños para tu labor preferida
650 #4 - ENCABEZAMIENTO DE MATERIA--TEMÁTICO
Término temático o nombre geográfico como elemento de entrada PUNTO DE CRUZ
650 #4 - ENCABEZAMIENTO DE MATERIA--TEMÁTICO
Término temático o nombre geográfico como elemento de entrada BORDADO
910 ## - VALIDACIÓN
Validación Validado. Control de calidad MFF
942 ## - ADDED ENTRY ELEMENTS (KOHA)
Source of classification or shelving scheme Dewey Decimal Classification
Koha item type Libros
945 ## - INFORMACIÓN DE PROCESAMIENTO LOCAL
Información de procesamiento local Inventariado extranjero / 2017 VM
956 ## - LOCAL ELECTRONIC LOCATION AND ACCESS (OCLC)
Nombre de host BTAVÁREZ
Número de acceso 10
Información de compresión 20160915
Trayectoria 0011406
Existencias
Withdrawn status Lost status Source of classification or shelving scheme Damaged status Not for loan Collection code Home library Current library Date acquired Source of acquisition Total Checkouts Full call number Barcode Date last seen Price effective from Koha item type
    Dewey Decimal Classification     Colección General Biblioteca Pública Metropolitana Salomé Ureña Biblioteca Pública Metropolitana Salomé Ureña 09/15/2016 Santillana   746.44 G748L BPMSU16090326 09/15/2016 09/15/2016 Libros